00482 2200181 4500001002100000008004100021020002200062035002000084082000800104084001400112100002600126245005300152250000700205260003000212300002500242650001800267990001500285INLIS000000000003412 ind  a978-623-522-810-5 a0010-0526000035 a420 a420 WAS x aNugroho, Waskito Imam aX-Press TKA Bahasa InggriscWaskito Imam Nugroho a27 aJakarta :bErlanggac2051 a95 hlmc21 x 25.5 cm aBahasa Inggis a20141/B/26